Carta encíclica Redemptor hominis : del sumo pontífice Juan Pablo II /
Redemptor hominis, es la primera encíclia promulgada por Juan Pablo II en 1979, al incio de su pontificado, donde plantea: el misterio de la redencia de Cristo en su dimensión humana y divina; la redención del hombre y su situación en el mundo; la misión de la Iglesia y la protección de María como m...
Wedi'i Gadw mewn:
| Awdur Corfforaethol: | |
|---|---|
| Fformat: | Llyfr |
| Iaith: | Sbaeneg |
| Cyfres: | (Iglesia y Sociedad)
|
| Pynciau: | |
| Tagiau: |
Dim Tagiau, Byddwch y cyntaf i dagio'r cofnod hwn!
|
MARC
| LEADER | 00000nam^a2200000^a^4500 | ||
|---|---|---|---|
| 001 | 000342508 | ||
| 005 | 20250521000000.0 | ||
| 009 | 20260310114553.978 | ||
| 037 | |a Acervo Xavier Clavigero | ||
| 041 | |a ESP | ||
| 082 | |a 262. 91 |b IGL RED JUP 1979 | ||
| 110 | |a Iglesia Católica. |b Papa (1978-2005 : Juan Pablo II) | ||
| 240 | 1 | 1 | |a [Encíclicas papales] |
| 240 | 1 | 1 | |a [Redemptor hominis] |
| 245 | 1 | 0 | |a Carta encíclica Redemptor hominis : |b del sumo pontífice Juan Pablo II / |c Juan Pablo II. |
| 264 | |a Milán, Italia : |b Ancora, |c 1979 | ||
| 300 | |a 72 p. | ||
| 336 | |a texto |b txt |2 rdacontenido | ||
| 337 | |a sin mediación |b n |2 rdamedio | ||
| 338 | |a volumen |b nc |2 rdasoporte | ||
| 440 | 1 | |a (Iglesia y Sociedad) | |
| 520 | |a Redemptor hominis, es la primera encíclia promulgada por Juan Pablo II en 1979, al incio de su pontificado, donde plantea: el misterio de la redencia de Cristo en su dimensión humana y divina; la redención del hombre y su situación en el mundo; la misión de la Iglesia y la protección de María como madre y modelo. | ||
| 649 | |a XX | ||
| 650 | |a Jesucristo - |x Tema Principal | ||
| 650 | |a Virgen María | ||
| 650 | |a Iglesia Católica - |x Documentos Doctrinales | ||
| 650 | |a Iglesia Católica - |x Historia - |y Papa, 1978-2005 (Juan Pablo II) | ||
| 650 | |a Redención | ||
| 650 | |a Hombre (Teología) - |x Tema Principal | ||
| 650 | |a Evangelización | ||
| 650 | |a Teología | ||
| 650 | |a Encíclicas - |x Tema Principal | ||
| 650 | |a Documentos Pontificios | ||
| 650 | |a Catolicismo | ||
| 650 | |a Cristianismo | ||
| 650 | |a Religión | ||
| 910 | |a Fondo General | ||
| 920 | |a Impresos - Libros | ||
| 930 | |a Colección General | ||
| 905 | |a 101 | ||
| 901 | |a 034902 |b IT1 |c ACC |u 20250521 | ||
| 902 | |a https://opac.biblio.iteso.mx/vufind/Record/000342508 | ||